000 00336nam a2200133Ia 4500
008 220120s9999||||xx |||||||||||||| ||und||
020 _a0-07-044705-5
082 _a621.3822 PRO
100 _aProkies, John, G
_911811
245 0 _aDigital signal processing
260 _bNew Delhi
300 _b295
650 _aSIGNAL PROCESSING
_9719
999 _c132039
_d132039